| 000 | 01392nam0a22003131 4500 | ||
|---|---|---|---|
| 001 | rc\399 | ||
| 005 | 20191218162601.0 | ||
| 010 |
_a5-247-01194-5 _9960 |
||
| 035 | _a(NLR Aleph) 005291263 | ||
| 090 |
_a6192583 _c6192583 |
||
| 100 | _a20021204d1991 u |0rusy50 ca | ||
| 101 | 0 | _arus | |
| 102 | _aRU | ||
| 105 | _aa ||||||||| | ||
| 200 | 1 |
_aОбогащение руд цветных и редких металлов в странах Азии, Африки и Латинской Америки _e[Учеб. для иностр. студентов, обучающихся в вузах СССР по горн.-металлург. спец.] _fА.А. Абрамов, С.И. Горловский, В.В. Рыбаков |
|
| 210 |
_aМ. _cНедра _d1991 |
||
| 215 |
_a309, [1] с. _cил. _d22 |
||
| 225 | 1 | _aВысшее образование | |
| 320 | _aБиблиогр.: с. 289-290 (36 назв.) | ||
| 320 | _aПредм. указ.: с. 306-308 | ||
| 700 | 1 |
_aАбрамов _bА. А. _cд-р техн. наук _f1931- _gАлександр Алексеевич _3RU\NLR\AUTH\7713269 |
|
| 701 | 1 |
_aГорловский _bС. И. _gСамуил Иосифович |
|
| 701 | 1 |
_aРыбаков _bВ. В. _gВладимир Владимирович |
|
| 801 | 0 |
_aRU _bNLR _gpsbo |
|
| 801 | 1 |
_aRU _bELAR _2rusmarc |
|
| 852 |
_aNLR _j91-5/989 |
||
| 942 | _cBOOK | ||
| 980 | _aNB | ||